000 01824nam a2200229Ia 4500
999 _c51882
_d51882
001 18881
003 GE_BSU
005 20210413143111.0
008 181216s2014||||ge |||||||||||||| ||geo||
040 _cGE_BSU
041 _ageo
080 _a61 ხ-55
100 _aხიმშიაშვილი, ნინო
_911302
245 _aპრე - და პუბერტულ ასაკში პაროდონტის ქსოვილში მატრიქსული მეტალოპროტეინაზების და IV ტიპის კოლაგენის შემცველობის კვლევა გინგივიტის ადრეული დიდაგნოსტიკისა და პროგნოზისთვის /
_cნინო ხიმშიაშვილი; მეცნ. ხელმძღვანელი თ. შიშნიაშვილი; თბილისის სახელმწიფო სამედიცინო უნ-ტი.
264 _aთბილისი,
_c2014.
300 _a160 გვ. ;
_b 30 სმ.
653 _aდისერტაცია
653 _aმედიცინა
653 _aპრე- და პუბერტულ ასაკში პაროდონტის ქსოვილში მატრიქსული მეტალოპროტეინაზების და IV ტიპის კოლაგენის შემცველობის კვლევა გინგივიტის ადრეული დიდაგნოსტიკისა და პროგნოზისთვის
700 _aშიშნიაშვილი, თ.
_eმეცნ. ხელმძღვანელი
_911303
942 _cBK
_2udc